Statistics for All Golden Boy Winners

Click here to take the quiz!

General Stats

  • This quiz has been taken 252 times
  • The average score is 13 of 20

Answer Stats

HintAnswer% Correct
2021🇪🇸BarcelonaPedri
97%
2022🇪🇸BarcelonaGavi
95%
2017🇫🇷AS Monaco/PSGKylian Mbappé
93%
2019🇵🇹Benfica/Atléti MadridJoão Félix
92%
2020🇳🇴Borrusia DortmundErling Haaland
90%
2005🇦🇷BarcelonaLionel Messi
90%
2013🇫🇷JuventusPaul Pogba
82%
2018🇳🇱AjaxMatthjis De Ligt
77%
2015🇫🇷Manchester UnitedAnthony Martial
72%
2010🇮🇹Inter/Manchester CityMario Balotelli
59%
2016🇵🇹Benfica/FC BayernRenato Sanches
59%
2004🏴󠁧󠁢󠁥󠁮󠁧󠁿EvertonWayne Rooney
59%
2007🇦🇷Atléti MadridSergio Agüero
57%
2011🇩🇪Borrusia DortmundMario Götze
56%
2009🇧🇷AC MilanAlexandre Pato
55%
2014🏴󠁧󠁢󠁥󠁮󠁧󠁿LiverpoolRaheem Sterling
55%
2006🇪🇸ArsenalCesc Fàbregas
52%
2012🇪🇸MalagaIsco
52%
2008🇧🇷Manchester UnitedAnderson
39%
2003🇳🇱AjaxVan de Vaart
17%

Score Distribution

Percentile by Number Answered

Percent of People with Each Score

Your Score History

You have not taken this quiz